000 00519nam a2200217Ia 4500
003 OSt
005 20221005122537.0
006 a|||||r|||| 00| 0
007 ta
008 221004b |||||||| |||| 00| 0 snd d
024 _a6625
037 _cTextual
040 _aCRL
_cCRL
_bsnd
041 _2snd
_asnd
082 _aO1593,1N38:g, K2
100 _aBabani
_9206959
245 0 _akala darshani
260 _c1962
942 _hO1593,1N38:g, K2
_cTEXL
_2cc
999 _c1044608
_d1044608